LEADER 01907nam a2200313 u 4500 001 000000017783 003 CaOOAMICUS 005 20070226110611.0 008 940513s1987 it u000 u ita u 020 $a88-343-0253-3 035 $a10414389 040 $aPUL(R)$bita 100 1 $aGatti, Maria Luisa.$0(OLS)http://pul/name/15967 245 10$aMassimo il Confessore :$bsaggio di bibliografia generale ragionata e contributi per una ricostruzione scientifica del suo pensiero metafisico e religioso /$cMaria Luisa Gatti ; introduzione di Giovanni Reale. 260 $aMilano :$bVita e pensiero,$c1987. 300 $a430 p. ;$c21 cm 490 1 $aPubblicazioni del Centro di ricerche di metafisica.$aSezione di metafisica e storia della metafisica ;$v2 600 04$aMaximus Confessor,$cs.,$d580-662$xBibliografia.$0(OLS)http://pul/subject/12501 700 1 $aReale, Giovanni,$d1931-2014.$0(OLS)http://pul/name/667 710 2 $aUniversità cattolica del Sacro Cuore. Sede di Milano.$bCentro di ricerche di metafisica.$0(OLS)http://pul/name/668 830 0$aPubblicazioni del Centro di ricerche di metafisica.$pSezione di metafisica e storia della metafisica ;$v2.$0(OLS)http://pul/title/1629 850 $aPUL 852 $aPUL$W1$xSL Religione 1$y3$m25 F 20$j25052$nBK-PRI$b $qStampati$B25052$CPULBib$Z2$F25052 $H $81 852 $aPUL$W1$xSL Filosofia 2$y80$mPhil A10a 2$j25053$nBK-PRI$b $qStampati altre collocazioni$B25053$CPULBib$Z2$F25053 $H $81 941 1 $a8 941 1 $a10 996 $6020$a88-343-0253-3$9(OLS)http://pul/number/22907 996 $6245$aMassimo il Confessore :$bsaggio di bibliografia generale ragionata e contributi per una ricostruzione scientifica del suo pensiero metafisico e religioso$9(OLS)http://pul/title/25446 996 $6260$aMilano :$bVita e pensiero$9(OLS)http://pul/publisher/48016 LEADER 01049nam a2200253 u 4500 001 000000027669 003 CaOOAMICUS 005 20070226111720.0 008 960125s1942 it u000 u ita u 035 $a10719411 040 $aBAV(R)$bita 100 1 $aPapini, Giovanni,$d1881-1956.$0(OLS)http://pul/name/5962 245 12$aL'imitazione del padre :$bsaggi sul Rinascimento /$cGiovanni Papini. 260 $aFirenze :$bLe Monnier,$c[1942] 300 $a169 p. ;$c20 cm 490 1 $aBiblioteca della Rinascita ;$v4. 650 4$aRinascimento$xCultura.$0(OLS)http://pul/subject/12100 830 0$aBiblioteca della Rinascita ;$v4.$0(OLS)http://pul/title/34891 850 $aPUL 852 $aPUL$W1$xDP1 Cons. Gen., Altre Classi 1$y22$m923 A 37$j38517$nBK-PRI$b $qStampati$B38517$CPULBib$Z2$F38517 $H $81 941 1 $a8 961 $aINV: 14770 996 $6245$aL'imitazione del padre :$bsaggi sul Rinascimento$9(OLS)http://pul/title/37831 996 $6260$aFirenze :$bLe Monnier$9(OLS)http://pul/publisher/48028